1768 1278 1176 1558 1232 1090 1865 1899 1284 1632 1595 1343 1006 1995 1739 1484 1879 1502 1774 1785 1005 1524 1839 1921 1381 1170 1082 1515 1496 1761 1601 1741 1006 1535 1302 1786 1195 1177 1733 1157 1651 1089 1840 1823 1114 1570 1829 1195 1553 1616 1049 1161 1712 1280 1437 1558 1764 1822 1251 1939 1228 1081 1819 1893 1006 1225 1910 1302 1725 1065 1018 1249 1270 1386 1716 1888 1834 1000 1245 1022 1401 1308 1635 1932 1192 1522 1621 1994 1843 1412 1705 1501 1268 1190 1394 1766 1460 1105 1684 BCNSPRNW ULIB Ver.6.0+V

เปลี่ยนเป็นภาษาไทย

Change to English
 แสดงรายละเอียดบรรณานุกรม
  กลับหน้าหลัก

Brief Record : Get Marc (ISO 2709) : E-mail record : QR code < ปิดหน้าต่าง
LEADER : 00000nam 2200000uu 4500
001    13399112113
003     ULIB
008    110228s2537||||th 000 0 tha d
020    97483624
060 04 WY85^bส687จ 2537
100 0  สิวลี ศิริไล
245 10 จริยศาสตร์สำหรับพยาบาล(2537) /^cสิวลี ศิริไล
250    พิมพ์ครั้งที่ 5
260    [กรุงเทพฯ] :^bโรงพิมพ์แห่งจุฬาลงกรณ์มหาวิทยาลัย,^c2537
300    145 หน้า ;^c22 ซม.
650  2 Ethics, Nursing
650  7 จรรยาพยาบาล
650  7 จริยศาสตร์
945    ^p0^l0^i007414
945    ^p0^l0^i007415
945    ^p0^l0^i007416
945    ^p0^l0^i008901
945    ^p0^l0^i011678
995    ทศพร
999 ^a ใช้งานได้ทุกระบบ
รายการนี้ยังไม่มีแท็ก
คุณยังไม่ได้ล็อกอิน คุณสามารถมีกิจกรรมร่วมกับเว็บไซต์ได้ แต่ต้องล็อกอินก่อน ::
  ล็อกอิน

รายการสื่อสารสนเทศ

ลำดับที่ ประเภท เลขเรียก/บาร์โค้ด สถานที่ สถานะ
- ไม่พบข้อมูล -

รายการใกล้เคียง
    ผู้แต่ง [สิวลี ศิริไล]

    หัวเรื่อง [Ethics, Nursing]
    หัวเรื่อง [จรรยาพยาบาล]
    หัวเรื่อง [จริยศาสตร์]

BibComment


ยังไม่เคยถูกคอมเมนท์

คอมเมนท์ทรัพยากรรายการนี้
  คอมเมนท์: จริยศาสตร์สำหรับพ..


 Copyright 2026. Bcnsprnw @Library